000 00724nam a2200193Ia 4500
008 151121s9999||||xx |||||||||||||| ||und||
082 _a812/वाडक
082 _bHNW-69452
100 _aवाडकर ज्ञानेश मि।
245 _aदुदेइदवा ही तुझी कहाणी
260 _b"अमित प्रकाशन, गोवा।"
260 _c--
300 _a70
600 _aवाडकर ज्ञानेश मि।
630 _aदुदेइदवा ही तुझी कहाणी
700 _aवाडकर ज्ञानेश मि।
730 _aदुदेइदवा ही तुझी कहाणी
942 _cBOOK
999 _c1250939
_d1250936